000 00766cam a2200253 4500
001 ABS63408
008 000000n2001 000 0 eng u
035 _a(Sirsi) u110769
245 _aFocus 2001: Norfolk and Suffolk
260 _c2001
490 _aEstates Gazette
_v(0104) 27 January 2001, 81-105(12)
590 _aABS
650 _aBURY ST EDMUNDS
650 _aEAST ANGLIA
650 _aINDUSTRIAL MARKET
650 _aIPSWICH
650 _aNORWICH
650 _aNORFOLK
650 _aPROPERTY-COMMERCIAL PROPERTY-OFFICE PROPERTY-OFFICE PROPERTY MARKET
650 _aPROPERTY-COMMERCIAL PROPERTY-RETAIL PROPERTY-RETAIL PROPERTY MARKET
650 _aSUFFOLK
690 _aPROPERTY-COMMERCIAL PROPERTY-COMMERCIAL PROPERTY MARKET
942 _n0
999 _c66030
_d66030